• 首页
  • 本馆介绍
  • 公告通知
  • 最新文献
  • 馆藏检索
  • 电子资源
  • 读者导购
  • 参考咨询
  • 我的图书馆
  • 登录
  • 详细信息显示
  • 放入我的书架
  • 预约/预借图书
  • 作者相关作品
  • 分类相关作品
  • 丛书相关作品
  • 出版社相关作品

书目信息

  • 表格格式
  • 工作单格式
  • 卡片格式
题名:
巨匠心影.毕加索版画
    
 
作者: 毕加索
分册:  
出版信息: 石家庄   河北教育出版社  2001
页数: 201
开本: 26cm
丛书名:
单 册:
中图分类: J237
科图分类:
主题词: 绘画--世界 , 绘画--各国
电子资源:
ISBN: 7-5434-4372-4
000 00548nam0 2200193 450
001 0739037328
005 20070817105037.32
010    @a7-5434-4372-4@b精装@d¥128.00
100    @a20070817d km y0chiy0120 ea
101 0  @achi
200 1  @a巨匠心影.毕加索版画@Aju jiang xin ying.bi jia suo ban hua@f毕加索@Fbi jia suo
210    @a石家庄@c河北教育出版社@d2001
215    @a201@d26cm
606 0  @a绘画@x世界
606 0  @a绘画@y各国
690    @aJ237@v3
701  0 @a毕加索@Abi jia suo
801  0 @aCN@bPFT@c20070817
905    @a213230@dJ237@eM152@f1
    
    巨匠心影.毕加索版画/毕加索.-石家庄:河北教育出版社,2001
    201;26cm
    
    
    ISBN 7-5434-4372-4(精装):¥128.00
    
●
相关链接 在E读中查询图书 在五车中查询图书 在当当中查询图书 在豆瓣中查询图书


正题名:巨匠心影·毕加索版画     索取号:J237/M152         预约/预借

序号 登录号 条形码 馆藏地/架位号 状态 备注
1 6400201   264002019   美术系资料室/ [索取号:J237/M152] 在馆    
唐山师范学院图书馆 欢迎您!
大连网信软件有限公司© 版权所有